000 00337nam a22001337a 4500
008 210224b ||||| |||| 00| 0 eng d
020 _a9781717594679
041 _aeng
080 _a004
100 _a28
101 _aSHK
245 _aNuclear Engineering And Radiological Sciences A History
_cThe Millennium Project
942 _2udc
_cBK
999 _c55129
_d55129